000 00740nam a22002297a 4500
999 _c15515
_d15515
003 AR-CdUCM
008 190429b ||||| |||| 00| 0 spa d
020 _a978-84-9825-248-4
040 _aMUNICIPALIDAD PROVINCIAL DEL CUSCO
_cBIBLIOTECA MUNICIPAL DEL CUSCO
082 _aEP / 376.1 /
_bG23
100 _aGanges, Montse
_933490
245 _aLa reina trotamundos en china /
260 _aBarcelona :
_bCombel,
_c2007.
300 _a20 paginas ;
_bIlustraciones, graficos, dibujos
_c24 cm.
500 _aCaballo viajero Cuentos infantiles para niƱos
650 _aCuentos
_951592
650 _aHistoria
_951593
650 _aLiteratura
_983
700 _aMontserrat, Pep
_934614
942 _2ddc
_cLIBROS
945 _apjha
_d2019-04-29